Channing Tatum - Roles by Picture - Statistics

General Stats
  • This quiz has been taken 6 times
  • The average score is 9 of 40
Answer Stats
Picture Answer % Correct
Superman
100%
Michael 'Magic Mike' Lane
83%
Greg Jenko
50%
Agent Tequila
33%
Alan Caprison
33%
Channing Tatum
33%
George Washington
33%
Jackson Briggs
33%
Jimmy Logan
33%
Aaron
17%
Bob Davenport
17%
Burt Gurney
17%
Caine Wise
17%
Charles 'Pretty Boy' Floyd
17%
Conrad Hauser / Duke
17%
Duke Orsino
17%
Fred
17%
Gregor Anghel
17%
Jake Stafford
17%
Jason Lyle
17%
Joaquín Mondragon Jr.
17%
Jody Domergue
17%
John Cale
17%
Johnson
17%
Jonathan 'Milk' White
17%
Leo Collins
17%
Marcus Flavia Aquila
17%
Mark Schultz
17%
Martin Taylor
17%
Migo
17%
Revenjamin Buttons
17%
Rowdy Sparks
17%
Shawn MacArthur
17%
SSG John Tyree
17%
Steve Shriver
17%
Trick Malloy
17%
Tyler Gage
17%
Young Antonio
17%
Zip
17%
Conner Verreaux
0%
No matching quizzes found
Score Distribution
Percent of People with Each Score
Percentile by Number Answered
Your Score History
You have not taken this quiz